| 000 | 00387pab a2200157 454500 | ||
|---|---|---|---|
| 008 | 180718b1986 xxu||||| |||| 00| 0 eng d | ||
| 100 | _aRoden, John | ||
| 245 | _aA design for democracy | ||
| 260 | _c1986 | ||
| 300 | _a147-63 | ||
| 650 | _aIreland - Government | ||
| 700 | _aDonal O' Brolchain | ||
| 700 | _aDonal De Buttleir | ||
| 773 | _aAdministration (Ireland) | ||
| 909 | _a11353 | ||
| 999 |
_c11353 _d11353 |
||